000 00747nam a2200217 4500
001 145271
003 ES-MaACL
005 20230906201211.0
007 t|
008 070214s1966 sp r ||||1| spa d
100 1 _aSorensen, Theodore C.
_9107341
245 1 0 _aKennedy
_b: el hombre y el presidente /
_cTheodore C. Sorensen ; esta versión castellana ha sido realizada por Agustín Gil.
250 _a1ª ed.
260 _aBarcelona ;
_aMéxico :
_bGrijalbo,
_c1966 (
_eEsplugas de Llobregat :
_fAriel)
300 _a2 v., 26 lám. ;
_c22 cm.
490 1 _aBiografías Gandesa
700 1 _aGil Lasierra, Agustín.
_956831
830 0 _aBiografías Gandesa
_9182648
852 _aES-MaACL
_jC-29601-2
_bR.59966
999 _c145271
_d145271